| 000 | 00911nam a22003137a 4500 | ||
|---|---|---|---|
| 001 | BR0701728 | ||
| 003 | BR-BrBNA | ||
| 005 | 20230928102355.0 | ||
| 007 | ta | ||
| 008 | 230509b bl.||||| |||| 00| 0 por d | ||
| 040 |
_aBR-BrBNA _bpor _cBiblioteca Nacional de Agricultura |
||
| 041 | _a(Por) | ||
| 072 |
_aL73 _b6100 _b4110 _b4120 |
||
| 090 | _ 6100 BR0701728 | ||
| 110 | 1 |
_aUniversidade Federal de Santa Maria, RS (Brasil) _99701 |
|
| 111 | 1 |
_a3. Simpósio de Sanidade Avícola da UFSM _cSanta Maria, RS (Brazil) _d8-9 Aug 2002 |
|
| 245 | 1 | _a3. Simpósio de Sanidade Avícola da UFSM; anais | |
| 260 | 3 | _aSanta Maria, RS (Brasil): | |
| 300 | _a144 p. | ||
| 500 | _aSeveral bibliography | ||
| 650 | _aFRANGO | ||
| 650 | _aDOENÇA ANIMAL | ||
| 650 | _aBACTÉRIA | ||
| 650 | _aFUNGO | ||
| 650 | _aEPIDEMIOLOGIA | ||
| 650 | _aIMUNIZAÇÃO | ||
| 909 |
_a202309 _bLucia _c55 _dLucia Elande |
||
| 942 | _cBK | ||
| 999 |
_c70444 _d70444 |
||